NR price bounces: How high can we go ? (Record no. 64167)

MARC details
000 -LEADER
fixed length control field 00351nam a2200133Ia 4500
100 ## - MAIN ENTRY--AUTHOR NAME
Personal name Kaur Kulwant
245 #0 - TITLE STATEMENT
Title NR price bounces: How high can we go ?
260 ## - PUBLICATION, DISTRIBUTION, ETC. (IMPRINT)
Name of publisher Rubber Technology Developments
Year of publication 2010
300 ## - PHYSICAL DESCRIPTION
Number of Pages 50-52
650 ## - SUBJECT ADDED ENTRY--TOPICAL TERM
Topical Term NR price
700 ## - ADDED ENTRY--PERSONAL NAME
Personal name Jamaluddin Hairul Irwan
942 ## - ADDED ENTRY ELEMENTS (KOHA)
Koha item type Journals
Holdings
Withdrawn status Lost status Damaged status Not for loan Home library Current library Date acquired Serial Enumeration / chronology Koha item type
      Journals RRII Library RRII Library 27/05/2011 Volume 10, Issue 2 Journals